[Event "WCh Women 2017"]
[Site "Tehran IRI"]
[Date "2017.02.13"]
[Round "1.2"]
[White "Khotenashvili, Bela"]
[Black "Zimina, Olga"]
[Result "1/2-1/2"]
[WhiteElo "2430"]
[BlackElo "2401"]
[PlyCount "55"]
[EventDate "2017.02.11"]

1. d4 d5 2. c4 c6 3. Nf3 Nf6 4. Nc3 dxc4 5. a4 e6 6. e3 c5 7. Bxc4 Nc6 8. O-O
cxd4 9. exd4 Be7 10. Qe2 O-O 11. Rd1 Nb4 12. Bg5 Bd7 13. Ne5 Bc6 14. a5 Nfd5
15. Bxe7 Qxe7 16. Nxc6 bxc6 17. g3 Rfd8 18. Na4 Rab8 19. Nc5 Qf6 20. Rd2 Ne7
21. Rad1 Ned5 22. h4 Qe7 23. Rc1 Qc7 24. Ra1 Qe7 25. Ra3 Qf6 26. Ra1 Qe7 27.
Qe5 Qc7 28. Qe2 1/2-1/2

[Event "WCh Women 2017"]
[Site "Tehran IRI"]
[Date "2017.02.13"]
[Round "1.2"]
[White "Nechaeva, Marina"]
[Black "Saduakassova, Dinara"]
[Result "1/2-1/2"]
[WhiteElo "2406"]
[BlackElo "2428"]
[PlyCount "182"]
[EventDate "2017.02.11"]

1. d4 Nf6 2. Nf3 e6 3. Bf4 b6 4. h3 Bb7 5. e3 Be7 6. Nbd2 c5 7. c3 O-O 8. Bd3
cxd4 9. exd4 d6 10. Qe2 Re8 11. O-O-O Nbd7 12. Kb1 Rc8 13. Bh2 a5 14. Rhg1 Nd5
15. Ne4 Nf8 16. g4 Ng6 17. Qd2 b5 18. Bxb5 Bc6 19. Bxc6 Rxc6 20. Ka1 Qa8 21. h4
Rb6 22. h5 Nf8 23. Qd3 a4 24. Rb1 Rc8 25. g5 Qa5 26. Nfd2 Rbc6 27. a3 Nb6 28.
Qf3 Qf5 29. Qxf5 exf5 30. Ng3 g6 31. hxg6 hxg6 32. Ne2 Ne6 33. f4 R6c7 34. Bg3
Nd5 35. Rh1 Bf8 36. Rbf1 Rb7 37. Rf3 Bg7 38. Rb1 Re7 39. Nc1 Rec7 40. Ne2 Nb6
41. Ka2 Nd5 42. Re1 Rb8 43. Bf2 Nb6 44. Nc1 Nd5 45. Nb1 Ndxf4 46. Bg3 Rcb7 47.
Rf2 Rb6 48. Rc2 Nd5 49. Bh4 f4 50. Nd3 Ne3 51. Rf2 Nf5 52. Rh1 Rb5 53. Nb4 Ng3
54. Re1 Nf5 55. d5 Nc7 56. Rxf4 Nxd5 57. Nxd5 Rxd5 58. Bf2 Ra5 59. Nd2 d5 60.
Nf3 Nd6 61. Rb4 Rxb4 62. axb4 Ra8 63. Rd1 a3 64. Rxd5 axb2+ 65. Kxb2 Bxc3+ 66.
Kxc3 Ne4+ 67. Kd4 Nxf2 68. b5 Ra4+ 69. Kc5 Ne4+ 70. Kc6 Rc4+ 71. Kb6 Nc3 72.
Rd8+ Kg7 73. Rd7 Rf4 74. Nd4 Kf8 75. Kc6 Nxb5 76. Kxb5 Rg4 77. Rd5 f6 78. Kc6
fxg5 79. Kd6 Kf7 80. Ne6 Rg1 81. Rd2 Rf1 82. Nxg5+ Kg7 83. Ke7 Kh6 84. Ne4 Re1
85. Kf6 Kh5 86. Ke5 g5 87. Rg2 Kh6 88. Kf5 Rf1+ 89. Nf2 g4 90. Kxg4 Kg6 91. Ne4
Kf7 1/2-1/2

[Event "WCh Women 2017"]
[Site "Tehran IRI"]
[Date "2017.02.13"]
[Round "1.2"]
[White "Kovalevskaya, Ekaterina"]
[Black "Gaponenko, Inna"]
[Result "1/2-1/2"]
[WhiteElo "2423"]
[BlackElo "2407"]
[PlyCount "82"]
[EventDate "2017.02.11"]

1. e4 c5 2. Nc3 Nc6 3. Bb5 Nd4 4. Bc4 g6 5. Nf3 Bg7 6. Nxd4 cxd4 7. Qf3 Nf6 8.
e5 dxc3 9. dxc3 Qb6 10. exf6 Qxf6 11. Qxf6 Bxf6 12. Be3 b6 13. Bd5 Rb8 14.
O-O-O Bb7 15. a4 d6 16. a5 Kd7 17. axb6 axb6 18. Bxb7 Rxb7 19. Kd2 b5 20. Ra1
Rc8 21. Ra2 h5 22. Rha1 Rcc7 23. Kd3 b4 24. cxb4 Rxb4 25. c3 Rb5 26. Kc2 Rcb7
27. Bc1 Rf5 28. Be3 Rfb5 29. b4 Rc7 30. Ra7 Rxb4 31. Rxc7+ Kxc7 32. cxb4 Bxa1
33. b5 d5 34. Bc5 Be5 35. Bxe7 Kb6 36. h3 Kxb5 37. Kd3 Kc6 38. g4 hxg4 39. hxg4
Kd7 40. Bg5 Ke6 41. Be3 f5 1/2-1/2

[Event "WCh Women 2017"]
[Site "Tehran IRI"]
[Date "2017.02.13"]
[Round "1.2"]
[White "Sukandar, Irine Kharisma"]
[Black "Zhu, Chen"]
[Result "1/2-1/2"]
[WhiteElo "2423"]
[BlackElo "2419"]
[PlyCount "81"]
[EventDate "2017.02.11"]

1. e4 c5 2. Nf3 d6 3. Bb5+ Nd7 4. c3 Ngf6 5. Qe2 a6 6. Ba4 g6 7. O-O Bg7 8. d4
b5 9. Bc2 cxd4 10. cxd4 Nb6 11. a4 Nxa4 12. Bxa4 bxa4 13. Nc3 O-O 14. h3 Bb7
15. Rd1 Qc7 16. Rxa4 Rfc8 17. Bf4 Qd7 18. Ra5 Qd8 19. Raa1 a5 20. d5 Nd7 21. e5
dxe5 22. Nxe5 Nxe5 23. Bxe5 Bxe5 24. Qxe5 Qd6 25. Qg5 Qb4 26. Rd2 a4 27. Re1 a3
28. Qxe7 Qxe7 29. Rxe7 Bxd5 30. bxa3 Rxc3 31. Rxd5 Rcxa3 32. Rdd7 Rf8 33. f3
Kg7 34. Kf2 Ra2+ 35. Kg3 h5 36. f4 Kf6 37. Rb7 Ra3+ 38. Kh4 Ra4 39. Kg3 Ra3+
40. Kh2 Ra4 41. Kg3 1/2-1/2

[Event "WCh Women 2017"]
[Site "Tehran IRI"]
[Date "2017.02.13"]
[Round "1.3"]
[White "Hoang, Thanh Trang"]
[Black "Buksa, Nataliya"]
[Result "1/2-1/2"]
[WhiteElo "2463"]
[BlackElo "2302"]
[PlyCount "127"]
[EventDate "2017.02.11"]
[EventType "rapid"]

1. d4 Nf6 2. Nf3 e6 3. Bf4 d5 4. e3 c5 5. c3 Nc6 6. Nbd2 cxd4 7. exd4 Nh5 8.
Bg5 f6 9. Be3 Bd6 10. g3 O-O 11. Be2 g6 12. O-O Ng7 13. Ne1 Nf5 14. Ng2 Qe7 15.
Bf3 Nxe3 16. fxe3 Bd7 17. c4 dxc4 18. Nxc4 Rad8 19. Qb3 Bc8 20. Nxd6 Qxd6 21.
Rac1 Kg7 22. Qc3 Bd7 23. Qc5 Qxc5 24. Rxc5 Kf7 25. a3 Ke7 26. b4 Rc8 27. Rfc1
Kd6 28. Nf4 b6 29. R5c3 Ne7 30. Kf2 Rxc3 31. Rxc3 Rc8 32. Ne2 Rxc3 33. Nxc3 e5
34. Ke2 f5 35. dxe5+ Kxe5 36. Kd3 Nc8 37. a4 Nd6 38. h4 Be6 39. Bc6 Bc4+ 40.
Kd2 h6 41. a5 bxa5 42. bxa5 Ba6 43. Bd5 g5 44. hxg5 hxg5 45. Kc2 Nc4 46. Bxc4
Bxc4 47. Nb1 Be2 48. Nd2 Kd5 49. Kc3 a6 50. Kb4 Bb5 51. Kc3 Be2 52. Kb4 Bd3 53.
Kc3 Bb5 54. Kb4 Be8 55. Kc3 Bd7 56. Kb4 g4 57. Nb3 Bb5 58. Nd2 Be8 59. Kc3 Kc5
60. Nb3+ Kb5 61. Nd4+ Kxa5 62. Nxf5 Kb6 63. e4 Kc5 64. Nh6 1/2-1/2

[Event "WCh Women 2017"]
[Site "Tehran IRI"]
[Date "2017.02.13"]
[Round "1.3"]
[White "Socko, Monika"]
[Black "Savina, Anastasia"]
[Result "1/2-1/2"]
[WhiteElo "2455"]
[BlackElo "2377"]
[PlyCount "132"]
[EventDate "2017.02.11"]
[EventType "rapid"]

1. d4 d6 2. e4 Nf6 3. Nc3 e5 4. Nf3 Nbd7 5. Bc4 Be7 6. a4 c6 7. a5 O-O 8. O-O
Nxe4 9. Nxe4 d5 10. Ned2 e4 11. Be2 exf3 12. Nxf3 Bd6 13. Bg5 Qc7 14. Bd3 h6
15. Bd2 Nf6 16. h3 Ne4 17. c4 Nxd2 18. Qxd2 dxc4 19. Bxc4 Bf5 20. Rfe1 Rad8 21.
Qc3 Rfe8 22. Ne5 Bxe5 23. dxe5 Be6 24. Bxe6 fxe6 25. a6 b6 26. Rac1 c5 27. Red1
Rxd1+ 28. Rxd1 Rd8 29. Re1 Rd4 30. Qf3 Qc8 31. Qb7 Qxb7 32. axb7 Rd8 33. Ra1 a5
34. b4 Rb8 35. bxa5 Rxb7 36. Rb1 b5 37. a6 Ra7 38. Rxb5 Rxa6 39. Rxc5 h5 40.
Kh2 Kh7 41. Rc7 Ra5 42. f4 h4 43. Rc6 Ra4 44. Rxe6 Rxf4 45. Re8 Kg6 46. Kg1 Re4
47. Kf2 Kf7 48. Kf3 Re1 49. Rh8 g5 50. Rh7+ Ke6 51. Kg4 Rxe5 52. Rh8 Kf7 53.
Kh5 Re2 54. Kxg5 Rxg2+ 55. Kxh4 Kg7 56. Ra8 Kh6 57. Ra6+ Rg6 58. Ra5 Rb6 59.
Ra4 Rg6 60. Rb4 Rc6 61. Kg4 Kg6 62. h4 Kh6 63. Kf5 Kh5 64. Ke4 Ra6 65. Kf3 Ra3+
66. Kf4 Kxh4 1/2-1/2

[Event "WCh Women 2017"]
[Site "Tehran IRI"]
[Date "2017.02.13"]
[Round "1.4"]
[White "Shamima, Akter"]
[Black "Harika, Dronavalli"]
[Result "1/2-1/2"]
[WhiteElo "2077"]
[BlackElo "2539"]
[PlyCount "149"]
[EventDate "2017.02.11"]
[EventType "rapid"]

1. e4 e6 2. d4 d5 3. Nc3 Nc6 4. e5 f6 5. f4 Qe7 6. Nf3 Qf7 7. Bd3 Bb4 8. Qe2
Nge7 9. O-O O-O 10. Bd2 a6 11. Rae1 f5 12. a3 Bxc3 13. Bxc3 Bd7 14. Kh1 Kh8 15.
Ng5 Qg6 16. Rf3 h6 17. Rh3 Kg8 18. Nf3 Na7 19. Bb4 Rae8 20. Nh4 Qf7 21. Bxe7
Rxe7 22. Rg3 Rc8 23. Qf2 Bb5 24. Bxb5 axb5 25. Ree3 Nc6 26. Rb3 b4 27. axb4 Ra8
28. Ra3 Ree8 29. Rgb3 Qe7 30. Ng6 Qf7 31. Nh4 Qe7 32. Rxa8 Rxa8 33. Ra3 Rxa3
34. bxa3 Nxd4 35. Qxd4 Qxh4 36. g3 Qh5 37. Qd3 Qe8 38. Kg1 Qc6 39. Kf2 Qb6+ 40.
Kg2 Qc6 41. b5 Qc5 42. a4 b6 43. c3 Qa3 44. Qc2 Kf7 45. h3 h5 46. g4 hxg4 47.
hxg4 g6 48. gxf5 gxf5 49. Kg3 Qa1 50. Kg2 Ke7 51. Qb3 Qe1 52. Qb4+ Kd7 53. Qd4
Qe2+ 54. Kg1 Qe1+ 55. Kg2 Qe2+ 56. Kg3 Qg4+ 57. Kf2 Qh4+ 58. Ke2 Qg4+ 59. Kd2
Qg2+ 60. Kd1 Qh1+ 61. Kc2 Qe4+ 62. Kd2 Qg2+ 63. Kd3 Qe4+ 64. Kd2 Qg2+ 65. Ke3
Qe4+ 66. Qxe4 dxe4 67. Kd4 Kc8 68. c4 Kb7 69. Ke3 Ka7 70. Kd4 Kb7 71. Ke3 Ka7
72. Kf2 Kb7 73. Kg3 Kc8 74. Kf2 Kb7 75. Kg3 1/2-1/2

[Event "WCh Women 2017"]
[Site "Tehran IRI"]
[Date "2017.02.13"]
[Round "1.4"]
[White "Melia, Salome"]
[Black "Atalik, Ekaterina"]
[Result "1/2-1/2"]
[WhiteElo "2394"]
[BlackElo "2435"]
[PlyCount "122"]
[EventDate "2017.02.11"]
[EventType "rapid"]

1. e4 c5 2. Nf3 Nc6 3. Bb5 e6 4. Bxc6 bxc6 5. b3 f6 6. Bb2 Nh6 7. e5 Be7 8. Nc3
O-O 9. Ne4 f5 10. Ng3 a5 11. a4 Qe8 12. d3 Qg6 13. O-O Nf7 14. Qd2 h6 15. Rfe1
Ng5 16. Qf4 Qf7 17. Rad1 Nxf3+ 18. Qxf3 g5 19. h3 Rb8 20. Bc3 Rb4 21. Bxb4 cxb4
22. Qh5 Qg7 23. Qe2 Qg6 24. Nh5 f4 25. Nf6+ Bxf6 26. exf6 Qxf6 27. Qe5 Qf5 28.
Re4 d5 29. Qxf5 Rxf5 30. Re2 c5 31. Rde1 Kf7 32. Re5 Rf6 33. f3 Bd7 34. Kf2 Rg6
35. R1e2 Rg8 36. Ke1 Kf6 37. Kd2 Rc8 38. Re1 Rc6 39. R5e2 Be8 40. h4 Bg6 41.
hxg5+ hxg5 42. Rh1 c4 43. dxc4 dxc4 44. bxc4 Rxc4 45. Kd1 Rc3 46. Rh8 Ra3 47.
Kc1 Rxa4 48. Kb2 Ra3 49. Ra8 Bf5 50. Ra6 g4 51. fxg4 Bxg4 52. Rf2 Kg5 53. c3
Rxc3 54. Rxa5+ Bf5 55. Rb5 Rc4 56. Kb3 Re4 57. Rxb4 Rxb4+ 58. Kxb4 e5 59. Kc3
Kg4 60. Re2 e4 61. Kd4 e3 1/2-1/2

[Event "WCh Women 2017"]
[Site "Tehran IRI"]
[Date "2017.02.16"]
[Round "2.1"]
[White "Harika, Dronavalli"]
[Black "Saduakassova, Dinara"]
[Result "1/2-1/2"]
[WhiteElo "2539"]
[BlackElo "2428"]
[PlyCount "29"]
[EventDate "2017.02.11"]

1. e4 c5 2. Nf3 e6 3. d4 cxd4 4. Nxd4 Nc6 5. Nc3 d6 6. Be3 Nf6 7. f4 Be7 8. Qf3
e5 9. Nxc6 bxc6 10. f5 d5 11. exd5 cxd5 12. O-O-O Bb7 13. Bc4 e4 14. Bb5+ Kf8
15. Qe2 1/2-1/2

[Event "WCh Women 2017"]
[Site "Tehran IRI"]
[Date "2017.02.16"]
[Round "2.1"]
[White "Melia, Salome"]
[Black "Stefanova, Antoaneta"]
[Result "1/2-1/2"]
[WhiteElo "2394"]
[BlackElo "2512"]
[PlyCount "141"]
[EventDate "2017.02.11"]

1. e4 e5 2. Nf3 Nc6 3. Bc4 Bc5 4. O-O Nf6 5. d3 d6 6. c3 h6 7. h3 O-O 8. Re1 a5
9. d4 Bb6 10. Be3 exd4 11. cxd4 d5 12. exd5 Nxd5 13. Nc3 Be6 14. Bd3 Nxe3 15.
fxe3 Ne7 16. Na4 Ba7 17. Rc1 c6 18. Bb1 Bb8 19. Nc5 Bc8 20. Qd3 g6 21. Qb3 b6
22. Nd3 a4 23. Qc2 Bg3 24. Re2 Ba6 25. Nd2 Bb8 26. Rf2 Ra7 27. Ne5 c5 28. Ndf3
cxd4 29. exd4 Rc7 30. Qd2 Rxc1+ 31. Qxc1 Kg7 32. Ng4 Ng8 33. Qc3 Qc7 34. Qxc7
Bxc7 35. Nfe5 f5 36. Rc2 Rc8 37. Ne3 Ne7 38. a3 b5 39. Nd7 Bf4 40. Kf2 Rxc2+
41. Bxc2 Bb7 42. g3 Bd6 43. h4 h5 44. Bd3 Bc6 45. Ne5 Be8 46. Ng2 Kf6 47. Nf4
Bxe5 48. dxe5+ Kxe5 49. Ke3 Nc8 50. Ne2 Nd6 51. Nc3 Bc6 52. Bf1 Be8 53. Bd3 Bd7
54. Be2 Ne4 55. Nxe4 fxe4 56. Bf1 Bc6 57. Be2 Kd5 58. Bf1 Kc5 59. Be2 b4 60.
axb4+ Kxb4 61. Bd1 Kc5 62. g4 hxg4 63. Bxg4 Kd5 64. h5 gxh5 65. Bxh5 Kc4 66.
Bd1 Kb4 67. Kd4 Bb7 68. Bc2 Ba8 69. Bd1 Bc6 70. Bc2 Be8 71. Bxa4 1/2-1/2

[Event "WCh Women 2017"]
[Site "Tehran IRI"]
[Date "2017.02.16"]
[Round "2.1"]
[White "Zhao, Xue"]
[Black "Padmini, Rout"]
[Result "1/2-1/2"]
[WhiteElo "2505"]
[BlackElo "2387"]
[PlyCount "91"]
[EventDate "2017.02.11"]

1. d4 d5 2. Nf3 Nf6 3. Bf4 e6 4. e3 c5 5. Nbd2 Nc6 6. c3 Bd6 7. Bg3 O-O 8. Bd3
b6 9. Qe2 Bb7 10. O-O Rc8 11. Rad1 Bxg3 12. hxg3 cxd4 13. exd4 g6 14. Nh2 h5
15. Ndf3 Kg7 16. Rfe1 Ne7 17. Ng5 Nf5 18. Qe5 Kg8 19. Qf4 Qc7 20. Qf3 Rce8 21.
Re2 Kg7 22. Rde1 Nh6 23. Qf4 Qxf4 24. gxf4 Bc6 25. Nhf3 Nhg4 26. Nh4 Bd7 27.
Nhf3 Rc8 28. g3 Ne8 29. Ne5 Nxe5 30. fxe5 Nc7 31. Re3 a5 32. Nf3 b5 33. b4 axb4
34. cxb4 Na6 35. a3 Rc3 36. Bf1 Rfc8 37. Nd2 Rxe3 38. Rxe3 Rc2 39. Nb3 Nc7 40.
Re1 Rc3 41. Rc1 Rxb3 42. Rxc7 Be8 43. Rc8 Bd7 44. Rd8 Bc6 45. Rc8 Bd7 46. Rd8
1/2-1/2

[Event "WCh Women 2017"]
[Site "Tehran IRI"]
[Date "2017.02.16"]
[Round "2.1"]
[White "Batsiashvili, Nino"]
[Black "Khurtsidze, Nino"]
[Result "1/2-1/2"]
[WhiteElo "2492"]
[BlackElo "2383"]
[PlyCount "145"]
[EventDate "2017.02.11"]

1. d4 Nf6 2. Nf3 e6 3. Bf4 d5 4. e3 c5 5. c3 Nc6 6. Nbd2 Nh5 7. Bg5 Qb6 8. Ne5
Nf6 9. Rb1 cxd4 10. exd4 Nxe5 11. dxe5 Nd7 12. Nf3 Qc7 13. Bf4 Be7 14. Bd3 Nc5
15. Bc2 Bd7 16. O-O h6 17. Re1 O-O-O 18. b4 Ne4 19. Qd4 Kb8 20. c4 Ng5 21. Nd2
dxc4 22. Qxc4 Qxc4 23. Nxc4 Rc8 24. Ne3 b5 25. h4 Nh7 26. Bg3 Bc6 27. a4 Nf8
28. axb5 Bxb5 29. Be4 Nd7 30. Nf5 exf5 31. e6+ Rc7 32. Bxf5 fxe6 33. Rxe6 Bf6
34. Rc1 Rhc8 35. Bxc7+ Rxc7 36. Re8+ Kb7 37. Be4+ Rc6 38. Re6 Nb8 39. h5 a6 40.
g4 Kc7 41. Bxc6 Nxc6 42. f4 Kd7 43. Re4 Be7 44. Kh2 Ke8 45. Re6 Nxb4 46. Rce1
Nc6 47. g5 hxg5 48. fxg5 Kf7 49. h6 gxh6 50. gxh6 Bb4 51. R1e3 Nd8 52. h7 Kg7
53. Rg3+ Kxh7 54. Re4 Bf8 55. Rd4 Nf7 56. Rf4 Be8 57. Rh3+ Bh6 58. Re4 Bd7 59.
Rxh6+ Kxh6 60. Re7 Bb5 61. Rxf7 Kg6 62. Rf4 Bd3 63. Kg3 Kg7 64. Rd4 Bc2 65. Kf4
a5 66. Rc4 Bb3 67. Rc7+ Kf6 68. Rc6+ Kf7 69. Kf5 a4 70. Rc7+ Ke8 71. Ke5 a3 72.
Ra7 a2 73. Rxa2 1/2-1/2

[Event "WCh Women 2017"]
[Site "Tehran IRI"]
[Date "2017.02.16"]
[Round "2.1"]
[White "Huang, Qian"]
[Black "Pogonina, Natalija"]
[Result "1/2-1/2"]
[WhiteElo "2451"]
[BlackElo "2487"]
[PlyCount "37"]
[EventDate "2017.02.11"]

1. Nf3 d5 2. d4 Nf6 3. c4 e6 4. Nc3 Be7 5. Bg5 h6 6. Bh4 O-O 7. e3 b6 8. Rc1
Bb7 9. Bd3 dxc4 10. Bxc4 Nbd7 11. O-O a6 12. a4 Ne4 13. Nxe4 Bxe4 14. Bg3 Bd6
15. Bxd6 cxd6 16. Qe2 Bb7 17. Bd3 Nf6 18. e4 Qd7 19. b3 1/2-1/2

[Event "WCh Women 2017"]
[Site "Tehran IRI"]
[Date "2017.02.16"]
[Round "2.1"]
[White "Paehtz, Elisabeth"]
[Black "Cramling, Pia"]
[Result "1/2-1/2"]
[WhiteElo "2468"]
[BlackElo "2434"]
[PlyCount "37"]
[EventDate "2017.02.11"]

1. d4 d5 2. Nf3 Nf6 3. c4 dxc4 4. Qa4+ Nbd7 5. Nc3 e6 6. e4 a6 7. Bxc4 Rb8 8.
Qc2 b5 9. Bd3 Bb7 10. Bf4 Rc8 11. d5 exd5 12. O-O-O Nc5 13. Nxd5 Nxd5 14. exd5
Nxd3+ 15. Qxd3 Be7 16. h4 f6 17. Rhe1 O-O 18. Qf5 Bd6 19. Bxd6 1/2-1/2

[Event "WCh Women 2017"]
[Site "Tehran IRI"]
[Date "2017.02.16"]
[Round "2.1"]
[White "Pham, Le Thao Nguyen"]
[Black "Goryachkina, Aleksandra"]
[Result "1/2-1/2"]
[WhiteElo "2351"]
[BlackElo "2466"]
[PlyCount "75"]
[EventDate "2017.02.11"]

1. Nf3 d5 2. c4 c6 3. e3 Nf6 4. Nc3 e6 5. d4 a6 6. Qc2 c5 7. cxd5 exd5 8. dxc5
Bxc5 9. a3 O-O 10. Be2 Nc6 11. O-O Qe7 12. b4 Ba7 13. Bb2 d4 14. exd4 Nxd4 15.
Nxd4 Bxd4 16. Nd5 Bxf2+ 17. Rxf2 Nxd5 18. Bd3 Qh4 19. Rf3 Be6 20. Rg3 f6 21.
Qf2 Qh5 22. Rf1 Rae8 23. Be2 Qf5 24. Qd4 Qe5 25. Qxe5 fxe5 26. Rxf8+ Kxf8 27.
Bxe5 Nf6 28. Bf3 Bc8 29. Bd4 Rd8 30. Bb6 Rd3 31. a4 h6 32. Bc5+ Kg8 33. Be7 Kf7
34. Bc5 g6 35. Kf1 Nh5 36. Bxh5 Rxg3 37. hxg3 gxh5 38. a5 1/2-1/2

[Event "WCh Women 2017"]
[Site "Tehran IRI"]
[Date "2017.02.16"]
[Round "2.2"]
[White "Ju, Wenjun"]
[Black "Zhu, Chen"]
[Result "1/2-1/2"]
[WhiteElo "2583"]
[BlackElo "2419"]
[PlyCount "101"]
[EventDate "2017.02.11"]

1. d4 Nf6 2. c4 e6 3. g3 c5 4. Nf3 cxd4 5. Nxd4 Qc7 6. Nd2 Bc5 7. N2b3 Ne4 8.
Nxc5 Qxc5 9. Bg2 d5 10. O-O Qxc4 11. b3 Qa6 12. Bxe4 dxe4 13. Qc2 Nc6 14. Qxe4
Nxd4 15. Qxd4 O-O 16. Bb2 f6 17. Qe4 e5 18. Rfd1 Be6 19. Qd3 Qa5 20. Qd2 Qb5
21. Qd3 Qb4 22. Rac1 Rac8 23. Qd6 Qg4 24. f3 Qh3 25. Rxc8 Rxc8 26. Qe7 h5 27.
Rd8+ Kh7 28. Rxc8 Bxc8 29. Qb4 b6 30. Qe4+ Kh8 31. Bc3 Qd7 32. Qg6 Ba6 33.
Qxh5+ Kg8 34. f4 Qc6 35. Qf3 e4 36. Qe3 Bxe2 37. Qxe2 Qxc3 38. Qc4+ Qxc4 39.
bxc4 f5 40. Kf2 Kf7 41. h3 a5 42. g4 g6 43. Ke3 a4 44. a3 Ke6 45. Kd4 Kd6 46.
g5 Ke6 47. h4 Kd6 48. Ke3 Ke6 49. Kd4 Kd6 50. Ke3 Ke6 51. Kd4 1/2-1/2

[Event "WCh Women 2017"]
[Site "Tehran IRI"]
[Date "2017.02.16"]
[Round "2.2"]
[White "Kashlinskaya, Alina"]
[Black "Muzychuk, Anna"]
[Result "1/2-1/2"]
[WhiteElo "2418"]
[BlackElo "2558"]
[PlyCount "82"]
[EventDate "2017.02.11"]

1. d4 Nf6 2. c4 g6 3. Nc3 d5 4. Bf4 Bg7 5. e3 O-O 6. Rc1 Be6 7. c5 Nh5 8. Bg5
b6 9. b4 a5 10. b5 bxc5 11. dxc5 h6 12. Bh4 d4 13. exd4 Qxd4 14. Qxd4 Bxd4 15.
c6 Bxc3+ 16. Rxc3 Bxa2 17. Bc4 Bxc4 18. Rxc4 g5 19. Bg3 Nxg3 20. hxg3 a4 21.
Ne2 a3 22. Kd2 Rd8+ 23. Kc2 Rd6 24. Ra1 Kg7 25. Nd4 Rf6 26. f4 gxf4 27. gxf4
Rg6 28. g3 Kh7 29. Rc3 Rd6 30. Kd3 a2 31. Ke3 Ra4 32. Nc2 e5 33. Ra3 exf4+ 34.
gxf4 Rc4 35. R1xa2 Re6+ 36. Kf3 Rf6 37. Ra8 Rcxf4+ 38. Ke3 Rf3+ 39. Ke2 Rf2+
40. Ke3 R2f3+ 41. Ke2 Rf2+ 1/2-1/2

[Event "WCh Women 2017"]
[Site "Tehran IRI"]
[Date "2017.02.16"]
[Round "2.2"]
[White "Saduakassova, Dinara"]
[Black "Harika, Dronavalli"]
[Result "1/2-1/2"]
[WhiteElo "2428"]
[BlackElo "2539"]
[PlyCount "43"]
[EventDate "2017.02.11"]

1. d4 Nf6 2. c4 e6 3. Nf3 d5 4. g3 Be7 5. Bg2 O-O 6. O-O dxc4 7. Qc2 a6 8. a4
Bd7 9. Qxc4 Bc6 10. Bg5 Bd5 11. Qc2 Be4 12. Qc1 h6 13. Bxf6 Bxf6 14. Rd1 a5 15.
Nbd2 Bxf3 16. Bxf3 c6 17. Nc4 Na6 18. Qd2 Nb4 19. Rac1 Na2 20. Ra1 Nb4 21. Rac1
Na2 22. Ra1 1/2-1/2

[Event "WCh Women 2017"]
[Site "Tehran IRI"]
[Date "2017.02.16"]
[Round "2.2"]
[White "Stefanova, Antoaneta"]
[Black "Melia, Salome"]
[Result "1/2-1/2"]
[WhiteElo "2512"]
[BlackElo "2394"]
[PlyCount "124"]
[EventDate "2017.02.11"]

1. Nf3 d5 2. g3 e6 3. Bg2 g6 4. d4 Bg7 5. c4 Ne7 6. Nc3 O-O 7. O-O Nbc6 8. e3
dxc4 9. Qa4 Nd5 10. Qxc4 Nb6 11. Qe2 e5 12. Nxe5 Nxe5 13. dxe5 Bxe5 14. f4 Bg7
15. e4 Be6 16. Qf2 Re8 17. e5 Qc8 18. Ne4 Bh3 19. b3 Bxg2 20. Qxg2 a5 21. Be3
Nd5 22. Bd4 Rd8 23. Rad1 a4 24. g4 axb3 25. axb3 Nb4 26. Qg3 Nc6 27. Bf2 Rxd1
28. Rxd1 Ra3 29. Bc5 Ra2 30. Qh4 b6 31. Bf2 Re2 32. Nc3 Rb2 33. Nd5 Rxb3 34. h3
h5 35. Ne3 hxg4 36. hxg4 Qa6 37. Qh1 Qb5 38. Qe4 Rb4 39. Qf3 Rb1 40. Rxb1 Qxb1+
41. Kg2 Qb5 42. Nd5 Qc4 43. Bh4 b5 44. Nf6+ Bxf6 45. Bxf6 Qa2+ 46. Kg3 Nd4 47.
Qb7 Qb3+ 48. Kf2 Qc2+ 49. Kg3 Qc3+ 50. Kf2 Qd2+ 51. Kg3 Qe3+ 52. Kg2 Qe2+ 53.
Kg3 Qe3+ 54. Kg2 Kh7 55. Qa8 Qd2+ 56. Kg3 Qc3+ 57. Kf2 Qb2+ 58. Kg3 Qc3+ 59.
Kf2 Qd2+ 60. Kg3 Qe3+ 61. Kg2 Qe2+ 62. Kg3 Qe3+ 1/2-1/2

[Event "WCh Women 2017"]
[Site "Tehran IRI"]
[Date "2017.02.16"]
[Round "2.2"]
[White "Padmini, Rout"]
[Black "Zhao, Xue"]
[Result "1/2-1/2"]
[WhiteElo "2387"]
[BlackElo "2505"]
[PlyCount "43"]
[EventDate "2017.02.11"]

1. e4 e5 2. Nf3 Nc6 3. Bc4 Bc5 4. b4 Bb6 5. a4 a6 6. Nc3 Nf6 7. Nd5 d6 8. O-O
Bg4 9. c3 Nxd5 10. Bxd5 Qd7 11. h3 Be6 12. a5 Ba7 13. Bxe6 fxe6 14. d3 O-O 15.
Be3 Ne7 16. Bxa7 Rxa7 17. d4 exd4 18. Nxd4 Nc6 19. Nxc6 Qxc6 20. Qd4 Raa8 21.
c4 Rab8 22. Rfc1 1/2-1/2

[Event "WCh Women 2017"]
[Site "Tehran IRI"]
[Date "2017.02.16"]
[Round "2.2"]
[White "Khurtsidze, Nino"]
[Black "Batsiashvili, Nino"]
[Result "1/2-1/2"]
[WhiteElo "2383"]
[BlackElo "2492"]
[PlyCount "40"]
[EventDate "2017.02.11"]

1. d4 Nf6 2. c4 e6 3. Nf3 d5 4. Nc3 c5 5. cxd5 Nxd5 6. e4 Nxc3 7. bxc3 cxd4 8.
cxd4 Bb4+ 9. Bd2 Bxd2+ 10. Qxd2 O-O 11. Bc4 Nd7 12. O-O b6 13. a4 Bb7 14. Rfe1
Rc8 15. Bd3 a5 16. Qb2 Qe7 17. Bb5 Nf6 18. Bd3 Nd7 19. Bb5 Nf6 20. Bd3 Nd7
1/2-1/2

[Event "WCh Women 2017"]
[Site "Tehran IRI"]
[Date "2017.02.16"]
[Round "2.2"]
[White "Pogonina, Natalija"]
[Black "Huang, Qian"]
[Result "1/2-1/2"]
[WhiteElo "2487"]
[BlackElo "2451"]
[PlyCount "73"]
[EventDate "2017.02.11"]

1. d4 d5 2. c4 c6 3. e3 Nf6 4. Nc3 e6 5. Nf3 a6 6. b3 b5 7. Bd3 Nbd7 8. O-O Be7
9. Bb2 Bb7 10. Qc2 bxc4 11. bxc4 dxc4 12. Bxc4 c5 13. Rfd1 Bxf3 14. gxf3 cxd4
15. Rxd4 Qa5 16. Rad1 Ne5 17. Be2 O-O 18. Qa4 Qb6 19. Ba3 Bxa3 20. Qxa3 a5 21.
Qd6 Qb2 22. Qxe5 Qxc3 23. f4 Qa3 24. Bf3 Rac8 25. R4d2 Rc1 26. Qb2 Rxd1+ 27.
Bxd1 Qc5 28. Bf3 Rc8 29. Kg2 h6 30. Qe5 Qa3 31. Bb7 Rf8 32. Qc7 Qb4 33. Rd8
Rxd8 34. Qxd8+ Kh7 35. Qd3+ Kg8 36. Qd8+ Kh7 37. Qd3+ 1/2-1/2

[Event "WCh Women 2017"]
[Site "Tehran IRI"]
[Date "2017.02.16"]
[Round "2.2"]
[White "Savina, Anastasia"]
[Black "Shen, Yang"]
[Result "1/2-1/2"]
[WhiteElo "2377"]
[BlackElo "2479"]
[PlyCount "126"]
[EventDate "2017.02.11"]

1. d4 d5 2. c4 c6 3. Nf3 Nf6 4. Nc3 e6 5. Bg5 Nbd7 6. e3 Be7 7. Qc2 h6 8. Bh4
b6 9. cxd5 cxd5 10. Bb5 Bb7 11. Ne5 O-O 12. Bc6 Rb8 13. Bxb7 Rxb7 14. Nc6 Qe8
15. O-O a6 16. e4 dxe4 17. Nxe4 g5 18. Bg3 Nxe4 19. Qxe4 Nf6 20. Qf3 Nd5 21.
Rac1 Kg7 22. Rfe1 Bf6 23. h4 gxh4 24. Be5 Bxe5 25. dxe5 Rc7 26. Qg4+ Kh7 27.
Qe4+ Kg7 28. Qg4+ Kh7 29. Qe4+ Kg7 30. Nb4 Rxc1 31. Rxc1 Nxb4 32. Qxb4 Qd8 33.
Rc4 Rg8 34. Rxh4 Qd1+ 35. Kh2 Qd5 36. Qf4 Kf8 37. g3 Rg5 38. Rxh6 Qxe5 39. Qh4
Ke8 40. Qa4+ Qb5 41. Rh8+ Ke7 42. Qd4 Qd5 43. Qxb6 Rh5+ 44. Rxh5 Qxh5+ 45. Kg2
Qd5+ 46. f3 Qxa2 47. Qc5+ Ke8 48. Qd4 Qb3 49. g4 a5 50. Kg3 a4 51. Qh8+ Ke7 52.
Qe5 Ke8 53. g5 Qd1 54. Qb5+ Kf8 55. Qc5+ Kg8 56. Kg4 Qd2 57. Qb5 Kg7 58. Qe5+
Kg8 59. Kg3 Qc1 60. Qb8+ Kh7 61. Qb5 Qg1+ 62. Kf4 Qd4+ 63. Kg3 Qd8 1/2-1/2

[Event "WCh Women 2017"]
[Site "Tehran IRI"]
[Date "2017.02.16"]
[Round "2.2"]
[White "Cramling, Pia"]
[Black "Paehtz, Elisabeth"]
[Result "1/2-1/2"]
[WhiteElo "2434"]
[BlackElo "2468"]
[PlyCount "44"]
[EventDate "2017.02.11"]

1. d4 d6 2. Nf3 g6 3. c4 Bg7 4. Nc3 e5 5. dxe5 dxe5 6. Qxd8+ Kxd8 7. Bg5+ f6 8.
O-O-O+ Ke8 9. Bd2 Be6 10. e3 Nd7 11. Rg1 Nh6 12. h3 Nf7 13. Nb5 Kd8 14. g4 a6
15. Nc3 Nd6 16. Nd5 Bxd5 17. cxd5 a5 18. Be2 Ke7 19. Nh2 Nb6 20. Be1 Rhd8 21.
Nf1 Kf7 22. Ng3 Bf8 1/2-1/2

[Event "WCh Women 2017"]
[Site "Tehran IRI"]
[Date "2017.02.16"]
[Round "2.3"]
[White "Guramishvili, Sopiko"]
[Black "Buksa, Nataliya"]
[Result "1/2-1/2"]
[WhiteElo "2357"]
[BlackElo "2302"]
[PlyCount "83"]
[EventDate "2017.02.11"]

1. Nf3 d5 2. e3 Nf6 3. c4 g6 4. b4 Bg7 5. Bb2 c6 6. Be2 O-O 7. O-O Nbd7 8. d4
dxc4 9. Bxc4 Nb6 10. Bd3 a5 11. b5 cxb5 12. Bxb5 Bg4 13. h3 Be6 14. Nbd2 Rc8
15. Ne5 Nfd5 16. Nb3 Qd6 17. e4 Nc3 18. Bxc3 Rxc3 19. Nf3 Qb4 20. Be2 Bxb3 21.
axb3 Rxb3 22. Rxa5 Qc3 23. Rc5 Qb2 24. e5 e6 25. Re1 Rd8 26. Qc1 Qxc1 27. Rexc1
Bh6 28. R1c2 Kg7 29. g3 Nd5 30. Rb5 Rxb5 31. Bxb5 Ra8 32. Be2 Ra4 33. Kg2 Rb4
34. Bc4 Ne7 35. Ba2 Kf8 36. Bc4 Ke8 37. h4 Kd7 38. Bd3 Nc6 39. Be4 Ne7 40. Bd3
Nc6 41. Be4 Ne7 42. Bd3 1/2-1/2